Statistics for Countries, US States, Capitals, Elements, 100 Most Common Words: Created by Only 4 Letters

Click here to take the quiz!

General Stats

  • This quiz has been taken 418 times
  • The average score is 85 of 120

Answer Stats

LettersANSWER% Correct
H I O Ohio
92%
F I J Fiji
90%
G O T Togo
87%
A C R Accra
86%
A J N P Japan
85%
A I L M Lima
85%
A I L M Mali
85%
E M O R Rome
85%
A C D H Chad
84%
A I Q R Iraq
84%
A M N OOman
84%
E P R U Peru
84%
A Q R TQatar
84%
A B K U Baku
83%
A I O W Iowa
83%
A I N R Iran
83%
A L O SLaos
83%
A B C U Cuba
82%
A M N PPanama
82%
D I L Dili
81%
K N O W Know
81%
L O S Oslo
81%
D G L O Gold
80%
K O S V Kosovo
80%
A S U VSuva
80%
E H M T Them
80%
A I P Apia
79%
J S T U Just
79%
E I K V Kiev
79%
M O S T Most
79%
A G I R Riga
79%
E H N W When
79%
C I N Z Zinc
79%
E G I V Give
78%
A H T That
78%
E H N T Then
78%
K O T Y Tokyo
78%
E M N Y Yemen
78%
A M N Amman
77%
B E N RBern
77%
A C D N Canada
77%
A B J U Juba
77%
E H T Y They
77%
A R S WWarsaw
77%
A H T W What
77%
H I T W With
77%
E I K L Like
76%
A M O SSamoa
76%
E I M T Time
76%
B E I NBenin
75%
A D K R Dakar
75%
A L M TMalta
75%
H I S T This
75%
A B J U Abuja
74%
D L N O London
74%
A N S Sana'a
74%
E M O S Some
74%
A D H K Dhaka
73%
A G H N Ghana
73%
C E G RGreece
73%
A L P UPalau
73%
O R U Y Your
73%
A B C K Back
72%
A D H O Doha
72%
I N O R Iron
72%
A E L M Malé
72%
A N T WWant
72%
K O R W Work
72%
F M O R From
71%
A D I N India
71%
A E K M Make
71%
E L W Well
71%
I L W Will
71%
D G O Good
70%
A D E L Lead
70%
E L M O Lomé
70%
E H R T There
70%
A H T U Utah
70%
A H I T Haiti
69%
A L P ZLa Paz
69%
A N R UNauru
69%
E N O Neon
69%
A E K T Take
69%
A H N T Than
69%
E N O X Xenon
69%
A K N S Kansas
68%
A E H V Have
67%
C H I W Which
67%
C M O R Morocco
66%
A O T WOttawa
66%
A I P R Praia
66%
E H S T These
66%
A H N V Havana
65%
L N O Y Only
65%
A K L S Alaska
64%
K L O Look
64%
A K N R Ankara
63%
A M N Manama
63%
A B R T Rabat
63%
C E M O Come
62%
A H I W Hawaii
60%
A B L M Alabama
59%
A N S TAstana
58%
I N O T Into
58%
A L N TAtlanta
57%
A C R S Caracas
57%
A E R Y Year
57%
E N V Even
56%
A E H R Harare
55%
B N O RBoron
54%
A L O SAlso
52%
I M P S Mississippi
52%
A M R SAsmara
51%
E O R V Over
51%
A D M O Dodoma
49%
A D I N Indiana
49%
A N S UNassau
45%
E N S T Tennessee
45%
E L O P People
34%
E I P R Pierre
32%

Score Distribution

Percentile by Number Answered

Percent of People with Each Score

Your Score History

You have not taken this quiz